000 00295nam a22001337a 4500
020 _a0-273-40238-2
082 _a629.287 ABB'A
100 _aABEY, STATON
_978065
245 _aAUTOMOBILE WORKSHOP PRACTICE
250 _a2ND
260 _aLONDON
_bPITMAN
_c1960
300 _a175P
942 _cBK
999 _c583221
_d583221